=LDR 00000nam 2200000 4500 =001 INLIS000000000058984 =005 20211018094932 =035 ##$$a 0010-1021000432 =007 ta =008 211018###########################0#ind## =020 ##$$a 979-518-228-5 =082 ##$$a 362.293 =084 ##$$a 362.293 sud k =245 1#$$a Kenakalan Remaja /$c Drs.Sudarsono,S.H.,M.Si =250 ##$$a cet 4 =300 ##$$a x,181 halaman : $b Ilustrasi ; $c 21 cm =600 #4$$a Kenakalan remaja =264 ##$$a jakarta :$b Rineka Cipta,$c 2004 =336 ##$$a teks$2 rdacontent =337 ##$$a lain-lain$2 rdamedia =338 ##$$a lain-lain$2 rdacarrier =990 ##$$a 21372137 =990 ##$$a 3202102137